Niezapomniane Jedenastki #28: Portugalia 2016 - Statystyki

Ogólne statystyki
  • Ten quiz został rozwiązany 117 razy
  • Średni wynik to 7 z 11
Statystyki odpowiedzi
Pozycja Klub Zawodnik % Poprawnych
N Real Madryt Cristiano Ronaldo
99%
ŚO Real Madryt Pepe
97%
BR Sporting Rui Patricio
87%
ŚP Benfica Renato Sanches
74%
N Fenerbahce Nani
60%
PO Southampton Cedric
50%
ŚPD Sporting William Carvalho
48%
ŚP Sporting Adrien Silva
47%
ŚO Southampton Jose Fonte
47%
ŚP Sporting Joao Mario
34%
LO Lorient Raphael Guerreiro
34%
Nie znaleziono quizów pasujących do podanych kryteriów
Rozkład punktacji
Procent ludzi z każdym wynikiem
Percentyl według liczby udzielonych odpowiedzi
Twoja historia wyników
Nie rozwiązałeś tego quizu